[Event "DVM U14w 2017"]
[Site "Neumünster GER"]
[Date "2017.12.29"]
[Round "6"]
[White "Spreen, Merle"]
[Black "de Veer, Mara"]
[Result "0-1"]
[Termination "normal"]
[Board "9.4"]
[WhiteElo "866"]
[BlackElo "1207"]
[WhiteTeam "SC Vaterstetten"]
[BlackTeam "SV SF Friedrichshagen"]
[PlyCount "126"]
[WhiteFideId "16241606"]
[BlackFideId "16217349"]
[EventCountry "GER"]
[EventRounds "7"]
[EventType "team-swiss"]
[EventDate "2017.12.26"]

1. e4 c5 2. Bc4 d6 3. Nc3 Nf6 4. Nf3 e6 5. O-O Be7 6. d3 O-O 7. Bg5 Nbd7 8. Re1
a6 9. h3 b5 10. Bb3 Rb8 11. Bf4 a5 12. a4 bxa4 13. Rxa4 Rb4 14. Rxb4 cxb4 15.
Nb5 Qb6 16. Nbd4 e5 17. Nc6 Qxc6 18. Be3 a4 19. Bc4 Ba6 20. Ba2 Rc8 21. c4 bxc3
22. bxc3 Qxc3 23. Qxa4 Qc6 24. Qb4 Bxd3 25. Qb3 Bc4 26. Qb2 Bxa2 27. Qxa2 Qxe4
28. Rb1 Qc4 29. Rb3 Nc5 30. Bxc5 Qxc5 31. Qb2 Qc1+ 32. Kh2 Qxb2 33. Rxb2 e4 34.
Nd4 d5 35. Rb7 Bc5 36. Nf5 d4 37. Rb2 d3 38. Rd2 Bf8 39. Nd4 Bd6+ 40. g3 Be5
41. Nf5 Rc2 42. Rd1 d2 43. Ne3 Ra2 44. Kg2 Bd4 45. Nf5 Bc3 46. Ne3 Ra1 47. Rxa1
Bxa1 48. g4 Nd5 49. Nd1 Nc3 50. Ne3 d1=Q 51. Nxd1 Nxd1 52. Kg3 Bd4 53. f4 Bf2+
54. Kg2 e3 55. h4 e2 56. g5 e1=Q 57. Kf3 Qe3+ 58. Kg2 Bg1 59. g6 Qf2+ 60. Kh3
Bh2 61. gxf7+ Kxf7 62. Kg4 Qxf4+ 63. Kh5 g6# 0-1

[Event "DVM U14w 2017"]
[Site "Neumünster GER"]
[Date "2017.12.29"]
[Round "6"]
[White "Rothenberg, Nina"]
[Black "Bardorz, Jana"]
[Result "1-0"]
[Termination "normal"]
[Board "10.1"]
[WhiteElo "1587"]
[BlackElo "1542"]
[WhiteTeam "TuRa Harksheide Norderstedt"]
[BlackTeam "SK Neumarkt"]
[PlyCount "63"]
[WhiteFideId "16208943"]
[BlackFideId "16208897"]
[EventCountry "GER"]
[EventRounds "7"]
[EventType "team-swiss"]
[EventDate "2017.12.26"]

1. e4 e5 2. Nf3 Nc6 3. d4 exd4 4. Nxd4 Bc5 5. Be3 Qf6 6. c3 Nge7 7. Bc4 Ne5 8.
Bb3 Qg6 9. O-O d6 10. f3 O-O 11. Nd2 Be6 12. Bc2 N5c6 13. Qe2 Qf6 14. N2b3 Bb6
15. Rad1 Ng6 16. f4 Bd7 17. Kh1 Rfe8 18. Qh5 Qe7 19. Rf3 Qh4 20. Qxh4 Nxh4 21.
Rg3 Ng6 22. Bc1 a5 23. a4 Nce7 24. f5 Ne5 25. f6 N7g6 26. fxg7 Kxg7 27. Nf5+
Kh8 28. Nbd4 Ne7 29. Nxe7 Rxe7 30. Bg5 Ng6 31. Bf6+ Kg8 32. Bxe7 1-0

[Event "DVM U14w 2017"]
[Site "Neumünster GER"]
[Date "2017.12.29"]
[Round "6"]
[White "Schilay, Maria"]
[Black "Löding, Sarah-Marie"]
[Result "1-0"]
[Termination "normal"]
[Board "10.2"]
[WhiteElo "1331"]
[BlackElo "1169"]
[WhiteTeam "SK Neumarkt"]
[BlackTeam "TuRa Harksheide Norderstedt"]
[PlyCount "79"]
[WhiteFideId "12942979"]
[BlackFideId "16245164"]
[EventCountry "GER"]
[EventRounds "7"]
[EventType "team-swiss"]
[EventDate "2017.12.26"]

1. e4 e5 2. Nf3 Nf6 3. Nc3 Nc6 4. a3 Bc5 5. Nxe5 Nxe5 6. d4 Bd6 7. dxe5 Bxe5 8.
Bd3 d5 9. exd5 Nxd5 10. Nxd5 Qxd5 11. O-O O-O 12. Bxh7+ Kxh7 13. Qxd5 Bd6 14.
Qh5+ Kg8 15. f4 Bd7 16. Rf3 Rfe8 17. f5 Bc5+ 18. Kf1 Bb5+ 19. Rd3 Rad8 20. Qf3
Bxd3+ 21. cxd3 g6 22. f6 Re5 23. g4 Rde8 24. Bf4 Re2 25. Qxe2 Rxe2 26. Kxe2 Bd4
27. Rb1 Bxf6 28. Bxc7 Kg7 29. Ke3 Kh6 30. d4 Kg5 31. Rg1 Bg7 32. d5 Bxb2 33. d6
Bxa3 34. Ke4 Kf6 35. Kd5 a6 36. d7 Be7 37. Re1 Bb4 38. d8=Q+ Kg7 39. Be5+ Kh6
40. Qh4# 1-0

[Event "DVM U14w 2017"]
[Site "Neumünster GER"]
[Date "2017.12.29"]
[Round "6"]
[White "Foos, Vanessa"]
[Black "Burger, Daiana"]
[Result "1-0"]
[Termination "normal"]
[Board "10.3"]
[WhiteElo "1207"]
[BlackElo "973"]
[WhiteTeam "TuRa Harksheide Norderstedt"]
[BlackTeam "SK Neumarkt"]
[PlyCount "97"]
[WhiteFideId "16245270"]
[BlackFideId "16217233"]
[EventCountry "GER"]
[EventRounds "7"]
[EventType "team-swiss"]
[EventDate "2017.12.26"]

1. e4 e5 2. Nf3 Nc6 3. Bc4 d6 4. Nc3 Be7 5. d3 Nf6 6. O-O O-O 7. Be3 Bd7 8. d4
exd4 9. Nxd4 Ne5 10. Bb3 Bg4 11. Qe1 c5 12. Nde2 Bh3 13. f4 Neg4 14. Rf3 Nxe3
15. Rxe3 Bd7 16. f5 Ng4 17. Rg3 Bh4 18. Nf4 Qf6 19. h3 Qd4+ 20. Kh1 Nf2+ 21.
Kh2 Bxg3+ 22. Kxg3 c4 23. Bxc4 Qxc4 24. Qxf2 Rfe8 25. Qd2 Qc5 26. Rd1 Bc6 27.
Nfd5 f6 28. Nc7 Rac8 29. Nxe8 Rxe8 30. Qxd6 Qxd6+ 31. Rxd6 Bxe4 32. Nxe4 Rxe4
33. Rd8+ Kf7 34. Rd7+ Ke8 35. Rxb7 g6 36. fxg6 hxg6 37. Rxa7 Re2 38. Rc7 Kd8
39. Rc3 Kd7 40. a4 Re5 41. Ra3 Kc7 42. a5 Kb7 43. b4 Rb5 44. Rb3 Ka6 45. c4 Re5
46. Ra3 Kb7 47. b5 Rc5 48. a6+ Ka7 49. b6+ 1-0

[Event "DVM U14w 2017"]
[Site "Neumünster GER"]
[Date "2017.12.29"]
[Round "6"]
[White "Burger, Radena"]
[Black "Rößl, Sara"]
[Result "0-1"]
[Termination "normal"]
[Board "10.4"]
[WhiteElo "813"]
[BlackElo "921"]
[WhiteTeam "SK Neumarkt"]
[BlackTeam "TuRa Harksheide Norderstedt"]
[PlyCount "80"]
[WhiteFideId "16217241"]
[BlackFideId "16255828"]
[EventCountry "GER"]
[EventRounds "7"]
[EventType "team-swiss"]
[EventDate "2017.12.26"]

1. e4 e5 2. Nf3 Nc6 3. Bc4 Nf6 4. d3 Bc5 5. O-O d6 6. h3 O-O 7. Nc3 Bd7 8. Bg5
Be6 9. Bb3 Bd4 10. Bxf6 Qxf6 11. Ne2 Qg6 12. Nh4 Qf6 13. Nf3 Bb6 14. c3 Na5 15.
Bxe6 Qxe6 16. b4 Nc6 17. d4 Qf6 18. d5 Ne7 19. Ng3 Qf4 20. Nh5 Qxe4 21. Ng5 Qf5
22. Qd2 f6 23. Ng3 Qxg5 24. Qxg5 fxg5 25. Rac1 Rf7 26. c4 a6 27. c5 dxc5 28.
bxc5 Ba7 29. d6 cxd6 30. cxd6 Nc6 31. Ne4 Raf8 32. Rc2 Nb4 33. Rd2 Nc6 34. Kh1
Rf4 35. Nxg5 R8f5 36. Ne6 Rxf2 37. Re1 Rxd2 38. Nc7 Rff2 39. Ne8 Rxg2 40. a3
Rh2# 0-1

[Event "DVM U14w 2017"]
[Site "Neumünster GER"]
[Date "2017.12.30"]
[Round "7"]
[White "Müdder, Melanie"]
[Black "Meijerink, Inken"]
[Result "1/2-1/2"]
[Termination "normal"]
[Board "1.1"]
[WhiteElo "1829"]
[BlackElo "1638"]
[WhiteClock "00:34:39"]
[BlackClock "01:01:18"]
[WhiteTeam "SG Solingen"]
[BlackTeam "SK Nordhorn-Blanke"]
[PlyCount "42"]
[WhiteFideId "12994103"]
[BlackFideId "16225465"]
[EventCountry "GER"]
[EventRounds "7"]
[EventType "team-swiss"]
[EventDate "2017.12.26"]

1. e4 {[%clk 1:30:57]} c5 {[%clk 1:30:52]} 2. Nf3 {[%clk 1:31:20]} Nc6 {[%clk
1:31:15]} 3. d4 {[%clk 1:31:41]} cxd4 {[%clk 1:31:37]} 4. Nxd4 {[%clk 1:32:03]}
Nf6 {[%clk 1:32:00]} 5. Nc3 {[%clk 1:32:21]} e5 {[%clk 1:32:10]} 6. Ndb5 {[%clk
1:32:37]} d6 {[%clk 1:32:31]} 7. Bg5 {[%clk 1:32:52]} a6 {[%clk 1:32:45]} 8.
Na3 {[%clk 1:33:00]} b5 {[%clk 1:33:05]} 9. Nd5 {[%clk 1:33:15]} Be7 {[%clk
1:33:19]} 10. Bxf6 {[%clk 1:33:32]} Bxf6 {[%clk 1:33:39]} 11. c3 {[%clk
1:33:56]} O-O {[%clk 1:33:35]} 12. Nc2 {[%clk 1:34:14]} Bg5 {[%clk 1:33:38]}
13. h4 {[%clk 1:33:24]} Bh6 {[%clk 1:33:41]} 14. g4 {[%clk 1:26:53]} Bf4 {[%clk
1:32:39]} 15. Qf3 {[%clk 1:23:28]} Re8 {[%clk 1:21:51]} 16. Nxf4 {[%clk
1:10:37]} exf4 {[%clk 1:22:12]} 17. Qxf4 {[%clk 1:07:35]} d5 {[%clk 1:15:24]}
18. O-O-O {[%clk 1:01:22]} Rxe4 {[%clk 1:09:09]} 19. Qxe4 {[%clk 0:48:35]} dxe4
{[%clk 1:06:25]} 20. Rxd8+ {[%clk 0:46:26]} Nxd8 {[%clk 1:06:31]} 21. Bg2
{[%clk 0:34:39]} Bxg4 {[%clk 1:01:18]} 1/2-1/2

[Event "DVM U14w 2017"]
[Site "Neumünster GER"]
[Date "2017.12.30"]
[Round "7"]
[White "Reichelt, Lena"]
[Black "Berelowitsch, Dana"]
[Result "1/2-1/2"]
[Termination "normal"]
[Board "1.2"]
[WhiteElo "1495"]
[BlackElo "1648"]
[WhiteClock "00:10:13"]
[BlackClock "00:21:04"]
[WhiteTeam "SK Nordhorn-Blanke"]
[BlackTeam "SG Solingen"]
[PlyCount "43"]
[WhiteFideId "12981184"]
[BlackFideId "12977144"]
[EventCountry "GER"]
[EventRounds "7"]
[EventType "team-swiss"]
[EventDate "2017.12.26"]

1. d4 {[%clk 1:30:58]} Nf6 {[%clk 1:30:54]} 2. Nf3 {[%clk 1:31:15]} g6 {[%clk
1:31:17]} 3. e3 {[%clk 1:31:10]} Bg7 {[%clk 1:31:42]} 4. c4 {[%clk 1:29:06]} d5
{[%clk 1:32:01]} 5. Bd3 {[%clk 1:25:49]} O-O {[%clk 1:32:05]} 6. Nc3 c5 {[%clk
1:31:34]} 7. dxc5 {[%clk 1:15:58]} Qa5 {[%clk 1:29:26]} 8. O-O {[%clk 1:14:53]}
Qxc5 {[%clk 1:26:23]} 9. cxd5 {[%clk 1:13:24]} Nxd5 {[%clk 1:26:27]} 10. Nxd5
{[%clk 1:12:53]} Qxd5 {[%clk 1:26:45]} 11. e4 {[%clk 1:09:43]} Qh5 {[%clk
1:24:11]} 12. h3 {[%clk 0:55:43]} Nc6 {[%clk 1:21:45]} 13. Ng5 {[%clk 0:54:04]}
Qxd1 {[%clk 1:20:37]} 14. Rxd1 {[%clk 0:54:21]} Bd7 {[%clk 1:09:17]} 15. Nf3
{[%clk 0:50:41]} Nb4 {[%clk 1:03:21]} 16. Bb1 {[%clk 0:37:41]} Ba4 {[%clk
1:01:57]} 17. Rf1 {[%clk 0:36:52]} Rac8 {[%clk 0:50:14]} 18. e5 {[%clk
0:32:21]} Bc2 {[%clk 0:36:27]} 19. Bxc2 {[%clk 0:23:55]} Rxc2 {[%clk 0:36:07]}
20. Rd1 Rfc8 {[%clk 0:29:50]} 21. a3 {[%clk 0:13:09]} Na2 {[%clk 0:21:04]} 22.
Be3 {[%clk 0:10:13]} 1/2-1/2

[Event "DVM U14w 2017"]
[Site "Neumünster GER"]
[Date "2017.12.30"]
[Round "7"]
[White "Kublanov, Elizabeth"]
[Black "Wolterink, Jule"]
[Result "0-1"]
[Termination "normal"]
[Board "1.3"]
[WhiteElo "1561"]
[BlackElo "1299"]
[WhiteClock "00:00:54"]
[BlackClock "00:17:10"]
[WhiteTeam "SG Solingen"]
[BlackTeam "SK Nordhorn-Blanke"]
[PlyCount "60"]
[WhiteFideId "12944564"]
[BlackFideId "12981206"]
[EventCountry "GER"]
[EventRounds "7"]
[EventType "team-swiss"]
[EventDate "2017.12.26"]

1. e4 {[%clk 1:30:56]} e6 {[%clk 1:30:55]} 2. d4 {[%clk 1:31:16]} d5 {[%clk
1:31:20]} 3. e5 {[%clk 1:31:32]} c5 {[%clk 1:31:43]} 4. Qg4 {[%clk 1:31:16]}
cxd4 {[%clk 1:31:34]} 5. Bd3 {[%clk 1:31:05]} Nc6 {[%clk 1:30:05]} 6. Nf3
{[%clk 1:29:56]} f6 {[%clk 1:25:09]} 7. Qh5+ {[%clk 1:22:41]} Kd7 {[%clk
1:21:28]} 8. Bf4 {[%clk 1:09:40]} Qe8 {[%clk 1:11:50]} 9. Qh3 {[%clk 1:06:24]}
Bb4+ {[%clk 1:07:54]} 10. Ke2 {[%clk 0:56:53]} h6 {[%clk 1:00:33]} 11. exf6
{[%clk 0:51:10]} Nxf6 {[%clk 0:58:45]} 12. Ne5+ {[%clk 0:50:15]} Kd8 {[%clk
0:56:59]} 13. Bg6 {[%clk 0:47:31]} Qe7 {[%clk 0:54:52]} 14. Nf7+ {[%clk
0:46:28]} Ke8 {[%clk 0:52:48]} 15. Nxh8+ {[%clk 0:42:39]} Kf8 {[%clk 0:52:47]}
16. Qf3 {[%clk 0:37:42]} e5 {[%clk 0:50:49]} 17. Bh5 {[%clk 0:28:57]} exf4+
{[%clk 0:42:06]} 18. Kd1 {[%clk 0:28:06]} Bf5 {[%clk 0:41:18]} 19. Qxf4 {[%clk
0:23:49]} d3 {[%clk 0:39:15]} 20. Qxf5 {[%clk 0:21:33]} Kg8 {[%clk 0:26:49]}
21. Ng6 {[%clk 0:20:22]} Qd6 {[%clk 0:22:38]} 22. Bf3 {[%clk 0:18:35]} dxc2+
{[%clk 0:22:39]} 23. Qxc2 {[%clk 0:18:29]} Ne4 {[%clk 0:22:18]} 24. Rf1 {[%clk
0:07:31]} Nd4 {[%clk 0:19:53]} 25. Qa4 {[%clk 0:07:06]} b5 {[%clk 0:18:59]} 26.
Ne7+ {[%clk 0:02:01]} Qxe7 {[%clk 0:16:10]} 27. Qa6 {[%clk 0:02:26]} Qc5 {[%clk
0:16:31]} 28. Nc3 {[%clk 0:00:56]} Nxc3+ {[%clk 0:16:49]} 29. bxc3 {[%clk
0:00:56]} Qxc3 {[%clk 0:16:59]} 30. Bxd5+ {[%clk 0:00:54]} Kh8 {[%clk 0:17:10]}
0-1

[Event "DVM U14w 2017"]
[Site "Neumünster GER"]
[Date "2017.12.30"]
[Round "7"]
[White "Hallfarth, Luise"]
[Black "Bashylina, Luisa"]
[Result "0-1"]
[Termination "normal"]
[Board "1.4"]
[WhiteElo "1429"]
[BlackElo "1700"]
[WhiteClock "00:58:40"]
[BlackClock "01:14:26"]
[WhiteTeam "SK Nordhorn-Blanke"]
[BlackTeam "SG Solingen"]
[PlyCount "80"]
[WhiteFideId "16250222"]
[BlackFideId "12983292"]
[EventCountry "GER"]
[EventRounds "7"]
[EventType "team-swiss"]
[EventDate "2017.12.26"]

1. e4 {[%clk 1:30:58]} c5 {[%clk 1:30:55]} 2. c3 {[%clk 1:31:19]} e6 {[%clk
1:30:21]} 3. d4 {[%clk 1:31:40]} d5 {[%clk 1:30:49]} 4. e5 {[%clk 1:31:48]} Nc6
{[%clk 1:31:00]} 5. Nf3 {[%clk 1:32:00]} Nge7 {[%clk 1:30:05]} 6. a3 {[%clk
1:31:40]} a5 {[%clk 1:27:57]} 7. Be2 {[%clk 1:29:56]} Nf5 {[%clk 1:27:46]} 8.
Be3 {[%clk 1:28:26]} Qb6 {[%clk 1:26:51]} 9. Qd2 {[%clk 1:25:44]} Be7 {[%clk
1:25:04]} 10. O-O {[%clk 1:25:07]} O-O {[%clk 1:23:20]} 11. Kh1 {[%clk
1:20:58]} a4 {[%clk 1:22:25]} 12. Bd1 {[%clk 1:18:08]} Bd7 {[%clk 1:21:43]} 13.
Ra2 {[%clk 1:16:32]} Na5 {[%clk 1:20:56]} 14. Qe1 {[%clk 1:13:37]} Nb3 {[%clk
1:18:00]} 15. Nbd2 {[%clk 1:13:32]} cxd4 {[%clk 1:17:00]} 16. Bxd4 {[%clk
1:11:31]} Nfxd4 {[%clk 1:16:14]} 17. cxd4 {[%clk 1:10:29]} Nxd4 {[%clk
1:15:48]} 18. Qe3 {[%clk 1:09:42]} Bc5 {[%clk 1:15:20]} 19. Qe1 {[%clk
1:06:28]} Bb5 {[%clk 1:14:20]} 20. Rg1 {[%clk 1:04:05]} Nxf3 {[%clk 1:14:28]}
21. Bxf3 {[%clk 1:03:34]} Bxf2 {[%clk 1:14:46]} 22. Qd1 {[%clk 1:03:32]} Bxg1
{[%clk 1:15:01]} 23. Qxg1 {[%clk 1:03:54]} Qc7 {[%clk 1:14:14]} 24. Ra1 {[%clk
1:03:41]} Qxe5 {[%clk 1:13:25]} 25. Rb1 {[%clk 1:02:14]} Bd3 {[%clk 1:13:17]}
26. Rd1 {[%clk 1:01:12]} Qxb2 {[%clk 1:13:27]} 27. Nf1 {[%clk 0:58:54]} Bxf1
{[%clk 1:13:12]} 28. Qxf1 {[%clk 0:59:03]} Qxa3 {[%clk 1:13:11]} 29. Kg1 {[%clk
0:57:06]} Qe3+ {[%clk 1:12:58]} 30. Qf2 {[%clk 0:57:11]} Qxf2+ {[%clk 1:13:12]}
31. Kxf2 {[%clk 0:57:33]} a3 {[%clk 1:13:32]} 32. Ra1 {[%clk 0:57:57]} a2
{[%clk 1:13:38]} 33. Bd1 {[%clk 0:58:04]} Ra3 {[%clk 1:13:35]} 34. Ke1 {[%clk
0:58:02]} b5 {[%clk 1:12:31]} 35. Kd2 {[%clk 0:57:34]} Rc8 {[%clk 1:12:49]} 36.
Bc2 {[%clk 0:57:56]} b4 {[%clk 1:13:05]} 37. Kc1 {[%clk 0:58:04]} Rac3 {[%clk
1:13:26]} 38. Rxa2 {[%clk 0:58:18]} b3 {[%clk 1:13:53]} 39. Rb2 {[%clk
0:58:17]} Rxc2+ {[%clk 1:14:04]} 40. Rxc2 {[%clk 0:58:40]} Rxc2+ {[%clk
1:14:26]} 0-1

[Event "DVM U14w 2017"]
[Site "Neumünster GER"]
[Date "2017.12.30"]
[Round "7"]
[White "Oswald, Hannah"]
[Black "Sokolowski, Judith"]
[Result "1/2-1/2"]
[Termination "normal"]
[Board "2.2"]
[WhiteElo "1637"]
[BlackElo "1351"]
[WhiteClock "00:14:32"]
[BlackClock "00:15:21"]
[WhiteTeam "SG Leipzig"]
[BlackTeam "Düsseldorfer SK"]
[PlyCount "48"]
[WhiteFideId "16214960"]
[BlackFideId "16200624"]
[EventCountry "GER"]
[EventRounds "7"]
[EventType "team-swiss"]
[EventDate "2017.12.26"]

1. e4 {[%clk 1:30:57]} c5 {[%clk 1:30:56]} 2. Nf3 {[%clk 1:31:15]} e6 {[%clk
1:31:20]} 3. d4 {[%clk 1:31:34]} cxd4 {[%clk 1:31:45]} 4. Nxd4 {[%clk 1:31:56]}
Nf6 {[%clk 1:32:08]} 5. Bd3 {[%clk 1:32:00]} Nc6 {[%clk 1:32:32]} 6. Nb3 {[%clk
1:32:08]} d5 {[%clk 1:32:52]} 7. exd5 {[%clk 1:21:50]} Nxd5 {[%clk 1:33:10]} 8.
O-O {[%clk 1:07:22]} Qc7 {[%clk 1:28:32]} 9. Bd2 {[%clk 0:55:26]} Bd6 {[%clk
1:24:43]} 10. h3 {[%clk 0:51:52]} Be5 {[%clk 1:16:13]} 11. c3 {[%clk 0:48:58]}
O-O {[%clk 1:12:12]} 12. Na3 {[%clk 0:43:42]} a6 {[%clk 1:04:03]} 13. Nc4
{[%clk 0:41:44]} Bf6 {[%clk 1:02:42]} 14. Qh5 {[%clk 0:41:04]} g6 {[%clk
0:59:12]} 15. Qd1 {[%clk 0:34:01]} Rd8 {[%clk 0:49:11]} 16. Qc2 {[%clk
0:31:53]} Ne5 {[%clk 0:36:51]} 17. Nxe5 {[%clk 0:31:19]} Bxe5 {[%clk 0:36:17]}
18. Bh6 {[%clk 0:27:32]} Bd7 {[%clk 0:32:01]} 19. Nd2 {[%clk 0:19:32]} Bc6
{[%clk 0:26:32]} 20. Nf3 {[%clk 0:18:33]} Bg7 {[%clk 0:24:53]} 21. Bxg7 {[%clk
0:18:45]} Kxg7 {[%clk 0:25:20]} 22. Nd4 {[%clk 0:18:19]} Nf6 {[%clk 0:22:14]}
23. Rfe1 {[%clk 0:16:01]} Bd5 {[%clk 0:17:49]} 24. Rad1 {[%clk 0:14:32]} b5
{[%clk 0:15:21]} 1/2-1/2

[Event "DVM U14w 2017"]
[Site "Neumünster GER"]
[Date "2017.12.30"]
[Round "7"]
[White "Kogan, Dina Rachel"]
[Black "Fege, Astrid"]
[Result "1-0"]
[Termination "normal"]
[Board "2.3"]
[WhiteElo "1345"]
[BlackElo "1239"]
[WhiteClock "00:33:04"]
[BlackClock "00:01:39"]
[WhiteTeam "Düsseldorfer SK"]
[BlackTeam "SG Leipzig"]
[PlyCount "73"]
[WhiteFideId "16200608"]
[BlackFideId "16217152"]
[EventCountry "GER"]
[EventRounds "7"]
[EventType "team-swiss"]
[EventDate "2017.12.26"]

1. e4 {[%clk 1:30:56]} c5 {[%clk 1:30:56]} 2. Nf3 {[%clk 1:31:22]} d6 {[%clk
1:31:18]} 3. d4 {[%clk 1:31:48]} cxd4 {[%clk 1:31:43]} 4. Qxd4 {[%clk 1:32:13]}
Nc6 {[%clk 1:31:45]} 5. Bb5 {[%clk 1:32:39]} Bd7 {[%clk 1:31:48]} 6. Bxc6
{[%clk 1:32:59]} Bxc6 {[%clk 1:30:35]} 7. Bg5 {[%clk 1:32:25]} Qc7 {[%clk
1:19:46]} 8. Nc3 {[%clk 1:31:47]} Nf6 {[%clk 1:06:34]} 9. O-O-O {[%clk
1:27:07]} Qa5 {[%clk 0:58:01]} 10. Bh4 {[%clk 1:11:35]} O-O-O {[%clk 0:46:12]}
11. Nd2 {[%clk 1:09:46]} Kb8 {[%clk 0:42:27]} 12. Nc4 {[%clk 1:07:53]} Qc7
{[%clk 0:35:44]} 13. e5 {[%clk 0:57:28]} Ne8 {[%clk 0:29:41]} 14. exd6 {[%clk
0:56:53]} Nxd6 {[%clk 0:29:07]} 15. Nxd6 {[%clk 0:56:43]} Rxd6 {[%clk 0:28:30]}
16. Bg3 {[%clk 0:57:01]} Rxd4 {[%clk 0:24:38]} 17. Bxc7+ {[%clk 0:57:22]} Kxc7
{[%clk 0:25:02]} 18. Rxd4 {[%clk 0:57:47]} e5 {[%clk 0:24:32]} 19. Rd2 {[%clk
0:49:55]} Bxg2 {[%clk 0:20:18]} 20. Rhd1 {[%clk 0:49:38]} Bc6 {[%clk 0:19:21]}
21. Nd5+ {[%clk 0:47:18]} Kc8 {[%clk 0:16:55]} 22. a3 {[%clk 0:42:00]} Bc5
{[%clk 0:14:21]} 23. b4 {[%clk 0:40:56]} Bd6 {[%clk 0:12:15]} 24. Nb6+ {[%clk
0:40:43]} axb6 {[%clk 0:12:10]} 25. Rxd6 {[%clk 0:41:01]} Kc7 {[%clk 0:10:47]}
26. c4 {[%clk 0:39:18]} Ra8 {[%clk 0:10:08]} 27. Kb2 {[%clk 0:39:16]} f6 {[%clk
0:08:51]} 28. R6d3 {[%clk 0:34:18]} g5 {[%clk 0:05:31]} 29. b5 {[%clk 0:33:19]}
Be8 {[%clk 0:04:57]} 30. Rd6 {[%clk 0:31:53]} f5 {[%clk 0:02:24]} 31. Re6
{[%clk 0:31:38]} Bf7 {[%clk 0:01:54]} 32. Re7+ {[%clk 0:31:54]} Kc8 {[%clk
0:01:56]} 33. Rxf7 {[%clk 0:32:14]} f4 {[%clk 0:01:21]} 34. Rf8+ {[%clk
0:32:20]} Kc7 {[%clk 0:01:42]} 35. Rxa8 {[%clk 0:32:43]} e4 {[%clk 0:01:28]}
36. Rad8 {[%clk 0:33:04]} e3 {[%clk 0:01:39]} 37. R1d7# 1-0

[Event "DVM U14w 2017"]
[Site "Neumünster GER"]
[Date "2017.12.30"]
[Round "7"]
[White "Heck, Jasmin"]
[Black "Orlova, Alicia"]
[Result "1/2-1/2"]
[Termination "normal"]
[Board "2.4"]
[WhiteElo "1095"]
[BlackElo "1511"]
[WhiteClock "00:21:49"]
[BlackClock "00:40:41"]
[WhiteTeam "SG Leipzig"]
[BlackTeam "Düsseldorfer SK"]
[PlyCount "50"]
[WhiteFideId "16217160"]
[BlackFideId "34154563"]
[EventCountry "GER"]
[EventRounds "7"]
[EventType "team-swiss"]
[EventDate "2017.12.26"]

1. d3 {[%clk 1:30:54]} e5 {[%clk 1:30:46]} 2. Nf3 {[%clk 1:31:09]} Nc6 {[%clk
1:31:02]} 3. g3 {[%clk 1:31:04]} d5 {[%clk 1:31:09]} 4. Bg2 {[%clk 1:26:25]}
Nf6 {[%clk 1:31:09]} 5. Nc3 {[%clk 1:24:31]} Be7 {[%clk 1:31:03]} 6. O-O {[%clk
1:24:17]} O-O {[%clk 1:31:06]} 7. b3 {[%clk 1:22:56]} Re8 {[%clk 1:29:24]} 8.
Bb2 {[%clk 1:19:37]} Bf8 {[%clk 1:26:08]} 9. Re1 {[%clk 1:14:03]} Be6 {[%clk
1:23:55]} 10. Qd2 {[%clk 1:08:30]} Bb4 {[%clk 1:23:34]} 11. a3 {[%clk 1:06:30]}
Ba5 {[%clk 1:21:58]} 12. b4 {[%clk 1:06:05]} Bb6 {[%clk 1:20:43]} 13. Na4
{[%clk 0:49:30]} e4 {[%clk 1:10:04]} 14. Ne5 {[%clk 0:42:53]} Ng4 {[%clk
1:05:47]} 15. Nxg4 {[%clk 0:38:21]} Bxg4 {[%clk 1:05:55]} 16. Nxb6 {[%clk
0:37:00]} axb6 {[%clk 1:06:13]} 17. Qc3 {[%clk 0:32:59]} d4 {[%clk 1:00:16]}
18. Qb3 {[%clk 0:31:45]} Be6 {[%clk 0:56:42]} 19. c4 {[%clk 0:31:34]} Bf5
{[%clk 0:53:12]} 20. f3 {[%clk 0:28:20]} exd3 {[%clk 0:50:21]} 21. exd3 {[%clk
0:28:10]} Re6 {[%clk 0:48:10]} 22. Rxe6 {[%clk 0:25:07]} Bxe6 {[%clk 0:47:37]}
23. Re1 {[%clk 0:25:17]} Qd7 {[%clk 0:46:48]} 24. f4 {[%clk 0:22:47]} b5 {[%clk
0:40:52]} 25. Qc2 {[%clk 0:21:49]} bxc4 {[%clk 0:40:41]} 1/2-1/2

[Event "DVM U14w 2017"]
[Site "Neumünster GER"]
[Date "2017.12.30"]
[Round "7"]
[White "Ziegenfuß, Larissa"]
[Black "Peglau, Mirjam"]
[Result "0-1"]
[Termination "normal"]
[Board "3.1"]
[WhiteElo "1691"]
[BlackElo "1642"]
[WhiteClock "00:11:52"]
[BlackClock "00:22:55"]
[WhiteTeam "SG Blau-Weiß Stadtilm"]
[BlackTeam "Schachzentrum Seeblick"]
[PlyCount "82"]
[WhiteFideId "12974722"]
[BlackFideId "16211138"]
[EventCountry "GER"]
[EventRounds "7"]
[EventType "team-swiss"]
[EventDate "2017.12.26"]

1. e4 {[%clk 1:30:58]} c5 {[%clk 1:30:54]} 2. Nc3 {[%clk 1:31:20]} Nc6 {[%clk
1:31:17]} 3. Nge2 {[%clk 1:31:42]} g6 {[%clk 1:31:37]} 4. g3 {[%clk 1:31:54]}
Bg7 {[%clk 1:32:00]} 5. Bg2 {[%clk 1:32:13]} e5 {[%clk 1:31:58]} 6. d3 {[%clk
1:31:45]} Nge7 {[%clk 1:32:01]} 7. Be3 {[%clk 1:29:42]} Nd4 {[%clk 1:32:21]} 8.
O-O {[%clk 1:26:23]} Rb8 {[%clk 1:31:22]} 9. Qd2 {[%clk 1:23:45]} O-O {[%clk
1:30:28]} 10. Nd1 {[%clk 1:20:59]} d6 {[%clk 1:29:33]} 11. c3 {[%clk 1:19:39]}
Nxe2+ {[%clk 1:29:29]} 12. Qxe2 {[%clk 1:20:02]} Be6 {[%clk 1:25:36]} 13. f4
{[%clk 1:16:31]} b6 {[%clk 1:19:03]} 14. Nf2 {[%clk 1:13:32]} Qd7 {[%clk
1:14:12]} 15. h3 {[%clk 1:11:33]} f5 {[%clk 1:10:17]} 16. Kh2 {[%clk 1:06:06]}
Qb5 {[%clk 1:07:07]} 17. Qd2 {[%clk 1:03:25]} Rbd8 {[%clk 1:05:13]} 18. Bf3
{[%clk 0:54:51]} d5 {[%clk 1:00:31]} 19. exd5 {[%clk 0:52:54]} exf4 {[%clk
0:45:50]} 20. dxe6 {[%clk 0:47:17]} fxe3 {[%clk 0:46:05]} 21. Qxe3 {[%clk
0:47:34]} Qxb2 {[%clk 0:45:38]} 22. c4 {[%clk 0:38:50]} Bd4 {[%clk 0:43:14]}
23. Qe1 {[%clk 0:34:37]} Qxa1 {[%clk 0:42:28]} 24. Qxa1 {[%clk 0:34:59]} Bxa1
{[%clk 0:42:50]} 25. Rxa1 {[%clk 0:35:26]} Rd6 {[%clk 0:42:21]} 26. a4 {[%clk
0:30:53]} Rxe6 {[%clk 0:41:51]} 27. a5 {[%clk 0:30:39]} Rd6 {[%clk 0:37:59]}
28. axb6 {[%clk 0:29:15]} axb6 {[%clk 0:38:27]} 29. Ra7 {[%clk 0:29:28]} Rf7
{[%clk 0:37:36]} 30. h4 {[%clk 0:27:42]} Kg7 {[%clk 0:37:17]} 31. Nh3 {[%clk
0:26:16]} Nc6 {[%clk 0:36:20]} 32. Ra8 {[%clk 0:24:38]} Nb4 {[%clk 0:35:26]}
33. Nf4 {[%clk 0:19:25]} Rfd7 {[%clk 0:27:52]} 34. Bd5 {[%clk 0:18:00]} Nxd5
{[%clk 0:25:54]} 35. Nxd5 {[%clk 0:18:22]} Rxd5 {[%clk 0:24:33]} 36. cxd5
{[%clk 0:18:35]} Rxd5 {[%clk 0:24:58]} 37. Rb8 {[%clk 0:17:07]} Rxd3 {[%clk
0:22:15]} 38. Rxb6 {[%clk 0:17:31]} c4 {[%clk 0:22:36]} 39. Rc6 {[%clk
0:16:38]} c3 {[%clk 0:22:59]} 40. Kh3 {[%clk 0:16:54]} f4 {[%clk 0:22:50]} 41.
Kg4 {[%clk 0:11:52]} fxg3 {[%clk 0:22:55]} 0-1